Top 5 Posiciones de las 5 Grandes Ligas Europeas 2022/23 - Estadísticas

Estadísticas generales
  • Esta prueba ha sido intentada 313 veces
  • La puntuación promedio es 19 de 25
Estadísticas de respuestas
Liga ° Equipo % Correcto
La Liga 2 Real Madrid
100%
La Liga 1 Barcelona
99%
Premier League 1 Manchester City
99%
Bundesliga 1 Bayern Munich
97%
Serie A 3 Inter
96%
Premier League 3 Manchester United
95%
Serie A 4 Milan
95%
Ligue 1 1 PSG
95%
Premier League 2 Arsenal
93%
La Liga 3 Atlético de Madrid
92%
Premier League 5 Liverpool
92%
Serie A 1 Napoli
91%
Bundesliga 2 Borussia Dortmund
90%
Ligue 1 3 Marsella
83%
La Liga 4 Real Sociedad
83%
La Liga 5 Villarreal
80%
Serie A 2 Lazio
73%
Ligue 1 5 Lille
70%
Premier League 4 Newcastle
64%
Bundesliga 3 RB Leipzig
62%
Serie A 5 Atalanta
59%
Ligue 1 2 Lens
45%
Bundesliga 4 Union Berlin
40%
Ligue 1 4 Rennes
37%
Bundesliga 5 Friburgo
18%
No se encontraron pruebas coincidentes
Distribución de puntuación
Porcentaje de gente con cada puntuación
Porcentaje por número respondido
Historial de tus puntuaciones
No has intentado esta prueba.